00838cam a2200241 4500001001300000003000400013005001700017008004100034010002200075025002000097050002300117082001300140100002000153245002600173260008700199300001800286440002800304500002200332500014800354650002500502710005200527999001700579sa 68014400 DLC20260227112631.0700203s1966 ii a 00000 eng  asa 68014400 //r84 aPL480:I-E-6188s0 aDS335b.S63 vol. 3 a491.4/3710aSingh, Bahadur.14aThe dialect of Delhi.0 aNew Delhib[Representative, South Asia Institute, University of Heidelberg]c1966. a68 p.c25 cm. 0aSouth Asian studies,v3 aEnglish or Hindi. a"English abstract of the author's doctoral dissertation, Dilli nagar men ajkal prayukt khari boli ke vibhinn rup, Dilli Visva-Vidyalaya, 1962." 0aKhari Boli language.20aUniversität Heidelberg.bSüdasien-Institut. c85756d85756